000 00361nam a22001457a 4500
008 210531b ||||| |||| 00| 0 eng d
020 _a2900132626018
041 _aeng
080 _a610
082 _a610
100 _a4
101 _aSHM
245 _aMeeting the Needs of Students with Special Physical and Health Care Needs
_cHill,J.L
942 _2udc
_cBK
999 _c57855
_d57855